000 01584cam a2200361 i 4500
001 25704
003 Mx-PuUPA
005 20250724105651.0
008 140415s2015 mx ad gr 001 0 spa d
020 _a9786070269974
_qrústica
020 _a9786070269875
_qcolección rústica
040 _aMx-PuUPA
_bspa
_cMx-PuUPA
_dMx-PuUPA
_erda
041 0 _aspa
043 _an-mx---
100 1 _aCaicedo Riascos, Maritza,
_917319
_eautor
245 1 0 _aImaginarios de la migración internacional en México :
_buna mirada a los que se van y a los que llegan /
_cMaritza Caicedo Riascos, Agustín Morales Mena
246 1 3 _aImaginarios de la migración internacional en México. Una mirada a los que se van y a los que llegan :
_bencuesta nacional de Migración
250 _aPrimera edición /
_bagosto
264 1 _aMéxico, D.F. :
_bUniversidad Nacional Autónoma de México,
_c2015
300 _a214 páginas
_bilustraciones, gráficas ;
_c23 cm
336 _2rdacontent
_atexto
_btxt
337 _2rdamedia
_asin medio
_bn
338 _2rdacarrier
_avolumen
_bnc
490 0 _aLos mexicanos vistos por sí mismos. Los grandes temas nacionales ;
_v10
650 7 _2armarc
_aMigración interna
_zMéxico
_xOpinión pública
651 4 _aMéxico, emigración e inmigración
_ySiglo XXI
651 4 _aMéxico
_xCondiciones sociales
_ySiglo XXI
700 1 _aMorales Mena, Agustín,
_eautor
942 _2ddc
_cLI
_h325.720905
_iC33
999 _c25704
_d25704